Loading...
| History - American | 3 | 4 | 0 | 1 | 85 | 18 | 84.00 | 1 | 2 | 17.79 | 29.62 |
| History - European | 0 | 8 | 1 | 0 | 75 | 79 | 108.75 | 1 | 2 | 12.25 | 32.35 |
| Beliefs | 0 | 4 | 1 | 2 | 35 | 125 | 136.75 | 0 | 1 | 0.64 | 5.32 |
| Literature - World | 1 | 2 | 0 | 1 | 35 | 84 | 104.00 | 2 | 2 | 6.78 | 19.05 |
| Literature - European | 0 | 3 | 0 | 0 | 30 | 109 | 115.33 | 0 | 1 | 4.33 | 10.50 |
| History - Ancient | 0 | 3 | 0 | 1 | 30 | 104 | 125.00 | 0 | 0 | 2.85 | 16.40 |
| History - World | 0 | 3 | 1 | 0 | 25 | 81 | 105.00 | 1 | 1 | 4.97 | 13.10 |
| Philosophy | 1 | 1 | 0 | 0 | 25 | 74 | 99.50 | 0 | 1 | 3.44 | 11.85 |
| History - Other | 1 | 1 | 0 | 0 | 25 | 74 | 102.00 | 0 | 1 | 8.11 | 15.00 |
| Other Academic | 1 | 0 | 0 | 0 | 15 | 75 | 75.00 | 0 | 1 | 8.22 | 15.00 |
| Literature - American | 0 | 1 | 1 | 0 | 5 | 89 | 89.00 | 0 | 1 | 2.73 | 4.29 |
| Literature - British | 0 | 1 | 1 | 0 | 5 | 99 | 99.00 | 0 | 0 | 2.43 | 3.57 |
| Social Science | 0 | 0 | 1 | 0 | -5 | 0.00 | 0 | 0 | 0.00 | 0.00 |